000 00563nam a22001937a 4500
999 _c190303
_d190303
005 20220721155643.0
010 _aENG-133810
020 _a9789389109023
_c299.00
035 _aEN-117342
037 _bDBAD/PUB
082 _a920
100 _aSachdeva, Bobby
245 _aStories of us:
_bthe common man changing perceptions /
_cby Bobby Sachdeva
250 _a
260 _aNew Delhi
_bPan Macmillan Publishing India
_c2019
270 _a707, Kailash Building 26 K.G. Marg
_bNew Delhi
_e110001
300 _a244p.
_c20cm(pbk)
942 _2ddc
_cEN
_hS
_mSAC